Red gold : the conquest of the Brazilian Indians

Αποθηκεύτηκε σε:
Λεπτομέρειες βιβλιογραφικής εγγραφής
Κύριος συγγραφέας: Hemming, John 1935-
Μορφή: Βιβλίο
Γλώσσα:English
Δημοσίευση: London : Papermac, c1995
Θέματα:
Ετικέτες: Προσθήκη ετικέτας
Δεν υπάρχουν, Καταχωρήστε ετικέτα πρώτοι!

MARC

LEADER 00000nam a2200000 i 4500
001 1/68975
008 981030s1995 eng d
020 |a 0-333-63110-2 
035 |l 10030297 
040 |a GR-MY-UA  |b gre  |e aacr 
041 0 |a eng 
082 0 |a 981.01 
100 1 |a Hemming, John  |d 1935- 
245 1 0 |a Red gold :  |b the conquest of the Brazilian Indians /  |c John Hemming 
260 |a London :   |b Papermac,   |c c1995 
300 |a xiii, 685 p.  |b ill. 
504 |a Includes bibliographical references and index 
650 0 0 |a Indians of South America  |z Brazil  |x History. 
650 0 0 |a Indians of South America  |z Brazil  |x Government relations. 
651 0 |a Brazil  |x Discovery and exploration. 
852 |a INST  |b LESVOS  |e 19981030  |h 981.01 HEM  |p 005100012901  |q 005100012901  |t BK  |y 0 
901 |a BIBL-1998-3 
909 |a Λ  |b 060084 
922 |a 1ΕΛΗ  |b 199810  |c ΚΠΣ/ΤΚ  |d ΠΑΠΑΣΩΤΗΡΙΟΥ 
950 |a 103-1998-07-27